2025-26 EFL League One Table - Statistics

General Stats
  • This quiz has been taken 16 times
  • The average score is 19 of 24
Answer Stats
Place Points Team % Correct
1 103 Lincoln City
100%
7 74 Luton Town
100%
5 75 Bolton Wanderers
92%
4 77 Bradford City
92%
2 91 Cardiff City
92%
24 35 Northampton Town
92%
8 73 Plymouth Argyle
92%
22 42 Port Vale
92%
6 75 Stevenage
92%
9 67 Huddersfield Town
83%
18 53 Peterborough United
83%
12 63 Reading
83%
3 77 Stockport County
83%
21 49 Exeter City
75%
20 52 Leyton Orient
75%
10 65 Mansfield Town
75%
23 41 Rotherham United
75%
16 56 Wigan Athletic
75%
19 53 AFC Wimbledon
67%
13 60 Blackpool
67%
17 54 Burton Albion
67%
11 63 Wycombe Wanderers
67%
15 59 Barnsley
58%
14 60 Doncaster Rovers
58%
No matching quizzes found
Score Distribution
Percent of People with Each Score
Percentile by Number Answered
Your Score History
You have not taken this quiz